Tractors - Statistics

General Stats
  • This quiz has been taken 1,022 times
  • The average score is 3 of 7
Answer Stats
Hint Answer % Correct
green john deere
84%
blue new holland
69%
Red Massey
50%
blue ford
45%
Green claas
13%
orange david brown
1%
blue farmtrac
1%
No matching quizzes found
Score Distribution
Percent of People with Each Score
Percentile by Number Answered
Your Score History
You have not taken this quiz